|
|
|
|
| LEADER |
00865nam a22002411a 4500 |
| 001 |
000033079 |
| 003 |
9212 |
| 005 |
20151016151428.0 |
| 008 |
151016s1994 000 |
| 082 |
|
|
|a 403
|b AS-R
|2 Volume 1
|
| 100 |
|
|
|a Asher, R.E
|
| 245 |
|
|
|a The Encyclopedia of Language and Linguistics, Volume 1
|c R.E.Asher
|n Volume 1
|
| 260 |
|
|
|a Oxford University Press
|c 1994
|
| 300 |
|
|
|a 438tr. : mh ; 30 cm
|
| 650 |
|
|
|a The Encyclopedia, Language, Linguistics, Volume 1
|
| OWN |
|
|
|a LNN
|
| AVA |
|
|
|a UDN50
|b LNN
|d 403 AS-R
|e available
|t Error 5001 Not defined in file expand_doc_bib_avail.
|f 2
|g 0
|h N
|i 0
|k 1
|
| 999 |
|
|
|a From the UDN01
|
| AVA |
|
|
|a UDN50
|b LNN
|d 403 AS-R
|e available
|t Error 5001 Not defined in file expand_doc_bib_avail.
|f 2
|g 0
|h N
|i 0
|k 1
|
| TYP |
|
|
|a Monograph
|
| 980 |
|
|
|a Mạng thư viện Đại học Đà Nẵng
|